| 000 | 00733nam a22002297a 4500 | ||
|---|---|---|---|
| 999 |
_c14533 _d14533 |
||
| 003 | AR-CdUCM | ||
| 008 | 190423b ||||| |||| 00| 0 spa d | ||
| 020 | _a978-612-4029-22-6 | ||
| 040 |
_aMUNICIPALIDAD PROVINCIAL DEL CUSCO _cBIBLIOTECA MUNICIPAL DEL CUSCO |
||
| 082 |
_aPI / 803.08 / _bL83 |
||
| 100 |
_aLoli, Cesar _933305 |
||
| 245 | _aTres ositos melosos / | ||
| 260 |
_aLima : _bEdit. Septiembre SAC, _c2009. |
||
| 300 |
_a16 paginas ; _bIlustraciones, _c19 cm. _eCD. |
||
| 440 |
_aCántame un cuento 1 _933319 |
||
| 650 |
_aLiteratura infantil _9588 |
||
| 650 |
_aCuento _94671 |
||
| 650 |
_aCanción _933307 |
||
| 710 |
_aCorporación gráfica Navarrete S.A. _927358 |
||
| 942 |
_2ddc _cLIBROS |
||
| 945 |
_arjall _d2019-04-23 |
||